000 00945nam a2200265Ia 4500
003 OSt
005 20220923211604.0
006 a|||||r|||| 00| 0
007 ta
008 220922b |||||||| |||| 00| 0 san d
020 _a9789387587236 (hbk)
_c950
024 _a348,714
037 _b326, 13/03/2019, Eastern Book Linkers
_cTextual
040 _aARTS
_cARTS
_bsan
041 _2san
_asan
082 _aY:1.2, 152Q8
100 _aयदु, हेमू, ले.
245 0 _aसांस्कृतिक - शब्द सागर
246 _aSāanskṛutik - shabda sāgara
260 _aदिल्ली
_b बी. आर. पब्लिशिंग कॉर्पोरेशन
_c2018
300 _a176पृ0
_ccm.
650 _aसमाजशास्त्र
942 _hY:1.2, 152Q8
_cTEXL
_2CC
999 _c301093
_d301093